000 00701nam a2200265Ia 4500
005 20260121170554.0
008 008 260114s9999 xx 000 0 eng d
020 _a9789811303968
037 _aEBOOK
040 _aCRL
040 _beng
040 _cCRL
041 _2eng
041 _aeng
084 _qCRL
100 _aKarm Veer Arya, Robin Singh Bhadoria, Narendra S. Chaudhari
_91065535
245 0 _aEmerging Wireless Communication and Network Technologies
260 _bSpringer
260 _bSpringer
260 _c2018
856 _uhttps://link.springer.com/openurl?genre=book&isbn=978-981-13-0396-8
942 _cEBOOK
999 _c1631265
_d1631265